[Event "Feffernitz op 28th"]
[Site "Feffernitz"]
[Date "2019.08.25"]
[Round "9"]
[White "Otter, Nils"]
[Black "Schroeder, Frank"]
[Result "1-0"]
[WhiteElo "1795"]
[BlackElo "1927"]
[PlyCount "93"]
[EventDate "2019.08.18"]
[EventType "swiss"]
[EventRounds "9"]
[EventCountry "AUT"]
[SourceTitle "EXT 2020"]
[Source "ChessBase"]
[SourceDate "2019.10.17"]
[SourceVersion "1"]
[SourceVersionDate "2019.10.17"]
[SourceQuality "1"]

1. Nf3 d5 2. c4 c6 3. b3 Nf6 4. Bb2 Bf5 5. g3 e6 6. Bg2 Be7 7. 0-0 0-0 8. d3 Nbd7 9. Nbd2 Re8 10. Qc2 h6 11. h3 Bf8 12. e4 dxe4 13. dxe4 Bh7 14. Rfe1 Qc7 15. Nh2 Rad8 16. Qc3 Nc5 17. e5 Nh5 18. Be4 Bxe4 19. Nxe4 Rd3 20. Qc2 Red8 21. Qe2 Nxe4 22. Qxe4 Qb6 23. Kg2 Rd2 24. Re2 Bb4 25. Nf1 Rxe2 26. Qxe2 g6 27. a3 Bc5 28. b4 Bd4 29. c5 Qc7 30. Re1 Bxb2 31. Qxb2 Rd3 32. Qc1 Kh7 33. Re3 Rd5 34. Qc3 Qd8 35. Rf3 Qd7 36. Qe3 Ng7 37. g4 Rd4 38. Ng3 Ne8 39. Ne4 Rd1 40. Qf4 Kg7 41. h4 Rd3 42. Nd6 Rxf3 43. Kxf3 Nxd6 44. cxd6 Qd8 45. g5 hxg5 46. hxg5 Qb6 47. Qf6+ 1-0

[Event "Feffernitz op 28th"]
[Site "Feffernitz"]
[Date "2019.08.18"]
[Round "2"]
[White "Schroeder, Frank"]
[Black "Hoffmann, Sebastian1111"]
[Result "0-1"]
[WhiteElo "1927"]
[BlackElo "2199"]
[PlyCount "105"]
[EventDate "2019.08.18"]
[EventType "swiss"]
[EventRounds "9"]
[EventCountry "AUT"]
[SourceTitle "EXT 2020"]
[Source "ChessBase"]
[SourceDate "2019.10.17"]
[SourceVersion "1"]
[SourceVersionDate "2019.10.17"]
[SourceQuality "1"]

1. d4 d5 2. c4 c6 3. cxd5 cxd5 4. Nf3 Nc6 5. Bf4 Nf6 6. e3 e6 7. Nc3 Bd6 8. Bxd6 Qxd6 9. a3 0-0 10. Bd3 a6 11. 0-0 e5 12. dxe5 Nxe5 13. Nxe5 Qxe5 14. Be2 Rd8 15. Qd4 Qxd4 16. exd4 Ne4 17. Rac1 Nd2 18. Rfe1 Be6 19. Na4 Nb3 20. Rcd1 Rac8 21. Nc3 Rc7 22. Bf3 Rc4 23. Bxd5 Bxd5 24. Nxd5 Kf8 25. Nc3 Rcxd4 26. Rxd4 Rxd4 27. Rd1 Ke7 28. Rxd4 Nxd4 29. Kf1 Kd6 30. Ke1 Kc5 31. Kd2 Kc4 32. Nd1 Kb3 33. Kc1 Ne2+ 34. Kb1 Nf4 35. g3 Nd3 36. f3 Ne5 37. f4 Nd3 38. f5 h5 39. h3 b5 40. g4 hxg4 41. hxg4 f6 42. Nc3 Nxb2 43. Ne4 Nd3 44. g5 fxg5 45. Nxg5 Nf4 46. Ne6 Nh5 47. Nc5+ Kxa3 48. Nxa6 Ng3 49. Kc2 b4 50. Nxb4 Kxb4 51. Kd3 Nxf5 52. Ke4 Nd6+ 53. Kf4 0-1

[Event "Regionalliga SO 1213"]
[Site "Bayern"]
[Date "2013.02.24"]
[Round "7.7"]
[White "Brem, Stephan"]
[Black "Schroeder, Frank"]
[Result "1-0"]
[WhiteElo "2050"]
[BlackElo "1878"]
[PlyCount "51"]
[EventDate "2012.10.14"]
[EventType "team-tourn"]
[EventRounds "9"]
[EventCountry "GER"]
[SourceTitle "EXT 2015"]
[Source "ChessBase"]
[SourceDate "2014.11.20"]
[SourceVersion "1"]
[SourceVersionDate "2014.11.20"]
[SourceQuality "1"]
[WhiteTeam "Ebersberg Grafing"]
[BlackTeam "Ingolstadt II"]
[WhiteTeamCountry "GER"]
[BlackTeamCountry "GER"]

1. b3 Nf6 2. Bb2 g6 3. e4 d6 4. g3 Bg7 5. Bg2 0-0 6. Ne2 c5 7. 0-0 Nc6 8. d4 cxd4 9. Nxd4 Qb6 10. Na3 a6 11. Nc4 Qc7 12. Nxc6 bxc6 13. e5 Ne8 14. exd6 exd6 15. Bxg7 Kxg7 16. Qd4+ Kg8 17. Rfd1 d5 18. Ne5 Bb7 19. b4 f6 20. Ng4 h5 21. Ne3 a5 22. b5 cxb5 23. Nxd5 Qf7 24. Rab1 b4 25. c3 Kg7 26. Re1 1-0

[Event "Regionalliga SO 1213"]
[Site "Bayern"]
[Date "2012.11.11"]
[Round "2.7"]
[White "Grabmeier, Johannes"]
[Black "Schroeder, Frank"]
[Result "1-0"]
[WhiteElo "1895"]
[BlackElo "1878"]
[PlyCount "81"]
[EventDate "2012.10.14"]
[EventType "team-tourn"]
[EventRounds "9"]
[EventCountry "GER"]
[SourceTitle "EXT 2015"]
[Source "ChessBase"]
[SourceDate "2014.11.20"]
[SourceVersion "1"]
[SourceVersionDate "2014.11.20"]
[SourceQuality "1"]
[WhiteTeam "Deggendorf"]
[BlackTeam "Ingolstadt II"]
[WhiteTeamCountry "GER"]
[BlackTeamCountry "GER"]

1. b3 Nf6 2. Bb2 g6 3. Bxf6 exf6 4. c4 Bg7 5. Nc3 f5 6. Rc1 0-0 7. g3 a5 8. Bg2 Re8 9. e3 Na6 10. Nge2 c6 11. 0-0 Nc5 12. d3 b6 13. Qc2 Bb7 14. d4 Na6 15. a3 Qe7 16. Na4 Qxa3 17. Nxb6 Rad8 18. Ra1 Qb4 19. c5 Nc7 20. Ra4 Qb5 21. Rfa1 Ra8 22. Nc3 Qa6 23. Bf1 Qa7 24. Nxa8 Rxa8 25. b4 Qb8 26. Rxa5 Rxa5 27. Rxa5 Ne6 28. Na4 f4 29. gxf4 Bxd4 30. Qe4 d5 31. Qf3 Bg7 32. Nb6 h5 33. Qg3 Qd8 34. Ra7 d4 35. Rxb7 dxe3 36. fxe3 Qd2 37. Nc4 Qc1 38. Nd6 g5 39. Rb8+ Kh7 40. Qf3 gxf4 41. Qe4+ 1-0

[Event "Regionalliga SO 1011"]
[Site "Bayern"]
[Date "2011.04.10"]
[Round "9.7"]
[White "Grabmeier, Johannes"]
[Black "Schroeder, Frank"]
[Result "1-0"]
[WhiteElo "1846"]
[BlackElo "1992"]
[PlyCount "51"]
[EventDate "2010.10.10"]
[EventType "team-tourn"]
[EventRounds "9"]
[EventCountry "GER"]
[SourceTitle "EXT 2012"]
[Source "ChessBase"]
[SourceDate "2011.11.24"]
[SourceVersion "1"]
[SourceVersionDate "2011.11.24"]
[SourceQuality "1"]
[WhiteTeam "Deggendorf"]
[BlackTeam "Ingolstadt II"]
[WhiteTeamCountry "GER"]
[BlackTeamCountry "GER"]

1. b3 Nf6 2. e3 d5 3. Bb2 c5 4. f4 g6 5. Nf3 Bg7 6. Be2 0-0 7. 0-0 Nc6 8. Ne5 Qc7 9. Nxc6 Qxc6 10. d3 Rd8 11. Nd2 a6 12. h3 b5 13. Nf3 Ng4 14. hxg4 Bxb2 15. Rb1 Bc3 16. Ne5 Qc7 17. d4 cxd4 18. exd4 Qb6 19. Bd3 Bxd4+ 20. Kh1 Bxe5 21. fxe5 Qd4 22. Bxg6 Qxe5 23. Bxf7+ Kh8 24. Qd3 Rd6 25. Rbe1 Rh6+ 26. Bh5 1-0

[Event "Regionalliga SO 1011"]
[Site "Bayern"]
[Date "2011.03.20"]
[Round "8.7"]
[White "Schroeder, Frank"]
[Black "Guttenthaler, Franz"]
[Result "0-1"]
[WhiteElo "1992"]
[BlackElo "2091"]
[PlyCount "52"]
[EventDate "2010.10.10"]
[EventType "team-tourn"]
[EventRounds "9"]
[EventCountry "GER"]
[SourceTitle "EXT 2012"]
[Source "ChessBase"]
[SourceDate "2011.11.24"]
[SourceVersion "1"]
[SourceVersionDate "2011.11.24"]
[SourceQuality "1"]
[WhiteTeam "Ingolstadt II"]
[BlackTeam "Unterpfaff Germering"]
[WhiteTeamCountry "GER"]
[BlackTeamCountry "GER"]

1. d4 Nf6 2. c4 g6 3. Nc3 Bg7 4. e4 d6 5. Be2 0-0 6. Bg5 Nbd7 7. Qd2 c6 8. h4 a6 9. h5 b5 10. hxg6 fxg6 11. f3 Bb7 12. Bh6 Bxh6 13. Qxh6 e5 14. d5 cxd5 15. exd5 bxc4 16. Bxc4 Qe7 17. Nh3 Rac8 18. Be2 Nxd5 19. Ng5 N7f6 20. Nxd5 Bxd5 21. Bxa6 e4 22. Bxc8 exf3+ 23. Be6+ Bxe6 24. 0-0-0 Bf5 25. Nxf3 Rc8+ 26. Kd2 Rc2# 0-1

[Event "Regionalliga SO 1011"]
[Site "Bayern"]
[Date "2011.02.06"]
[Round "6.7"]
[White "Schroeder, Frank"]
[Black "Anker, Christin"]
[Result "0-1"]
[WhiteElo "1992"]
[BlackElo "1857"]
[PlyCount "84"]
[EventDate "2010.10.10"]
[EventType "team-tourn"]
[EventRounds "9"]
[EventCountry "GER"]
[SourceTitle "EXT 2012"]
[Source "ChessBase"]
[SourceDate "2011.11.24"]
[SourceVersion "1"]
[SourceVersionDate "2011.11.24"]
[SourceQuality "1"]
[WhiteTeam "Ingolstadt II"]
[BlackTeam "Pang/Rosenheim II"]
[WhiteTeamCountry "GER"]
[BlackTeamCountry "GER"]

1. d4 d5 2. c4 c6 3. Nf3 Nf6 4. g3 a6 5. Bg2 dxc4 6. 0-0 b5 7. Ne5 Bb7 8. a4 e6 9. Nc3 Qb6 10. e4 Bb4 11. Be3 0-0 12. Ng4 Nbd7 13. Nxf6+ Nxf6 14. Bg5 Nd7 15. e5 Rfb8 16. Qg4 Bf8 17. a5 Qc7 18. Ne4 c5 19. f4 cxd4 20. Nf6+ Nxf6 21. exf6 g6 22. h4 h5 23. Qd1 Bxg2 24. Kxg2 Qc6+ 25. Kh2 d3 26. g4 hxg4 27. Qxg4 Qe4 28. h5 Qe2+ 29. Qxe2 dxe2 30. Rf2 gxh5 31. Kg3 Rd8 32. Rxe2 Kh7 33. Rh1 Kg6 34. Rg2 Rd3+ 35. Kh4 Bb4 36. Rf1 Kf5 37. Re2 Rad8 38. Bh6 R8d5 39. Rg1 Kxf6 40. Bg7+ Ke7 41. Be5 Rf3 42. Rg5 Rdd3 0-1

[Event "Regionalliga SO 1011"]
[Site "Bayern"]
[Date "2010.10.10"]
[Round "1.7"]
[White "Jurasic, Marinko"]
[Black "Schroeder, Frank"]
[Result "0-1"]
[WhiteElo "1867"]
[BlackElo "1992"]
[PlyCount "116"]
[EventDate "2010.10.10"]
[EventType "team-tourn"]
[EventRounds "9"]
[EventCountry "GER"]
[SourceTitle "EXT 2012"]
[Source "ChessBase"]
[SourceDate "2011.11.24"]
[SourceVersion "1"]
[SourceVersionDate "2011.11.24"]
[SourceQuality "1"]
[WhiteTeam "Straubing"]
[BlackTeam "Ingolstadt II"]
[WhiteTeamCountry "GER"]
[BlackTeamCountry "GER"]

1. c4 Nf6 2. Nc3 d5 3. cxd5 Nxd5 4. Nf3 g6 5. g3 Bg7 6. Bg2 0-0 7. 0-0 Nxc3 8. dxc3 c5 9. Bf4 Qb6 10. Bxb8 Rxb8 11. Qc2 Qa5 12. Rfd1 b5 13. Nd2 Bf5 14. Be4 Be6 15. Nb3 Qb6 16. e3 a5 17. Nd2 Rfd8 18. Rac1 Rd6 19. b3 Rbd8 20. Bf3 f5 21. Nb1 Bf7 22. Rxd6 Rxd6 23. Rd1 Qd8 24. Rxd6 Qxd6 25. Qd1 Qxd1+ 26. Bxd1 Bd5 27. Bc2 Kf7 28. Kf1 Ke6 29. Ke2 Kd6 30. Kd2 Ke5 31. Na3 b4 32. Nb1 g5 33. Ke2 c4 34. cxb4 axb4 35. Nd2 c3 36. Nf3+ Kf6 37. Nd4 e6 38. f3 h6 39. h3 Ke7 40. Bd3 f4 41. Nc2 fxg3 42. Nxb4 Bb7 43. Nc2 e5 44. e4 Bc8 45. Ne3 Bxh3 46. Nd5+ Kd7 47. Nxc3 Bf8 48. Na4 Ba3 49. Bc4 h5 50. Bf7 h4 51. Bg6 Ke6 52. Bh5 Bg2 53. Bg4+ Kd6 54. Nb6 Bc5 55. Nc4+ Ke7 56. Nxe5 h3 57. Nd3 h2 58. Nxc5 h1Q 0-1

[Event "Bremen-ch op"]
[Site "Bremen"]
[Date "2010.03.27"]
[Round "1"]
[White "Bart, Simon"]
[Black "Schroeder, Frank"]
[Result "1-0"]
[WhiteElo "1979"]
[BlackElo "1731"]
[PlyCount "49"]
[EventDate "2010.03.27"]
[EventType "swiss"]
[EventRounds "9"]
[EventCountry "GER"]
[SourceTitle "EXT 2022"]
[Source "ChessBase"]
[SourceDate "2021.10.06"]
[SourceVersion "1"]
[SourceVersionDate "2021.10.06"]
[SourceQuality "1"]

1. e4 c5 2. Nf3 e6 3. d4 cxd4 4. Nxd4 Bc5 5. Nc3 Qb6 6. Na4 Qc7 7. Nxc5 Qxc5 8. Be3 Qb4+ 9. c3 Qe7 10. Nb5 Na6 11. Nd6+ Kf8 12. Bxa6 bxa6 13. Bc5 Qg5 14. Nf5+ Ke8 15. Qd6 Nh6 16. Be3 Nxf5 17. exf5 Qxf5 18. 0-0-0 g5 19. g4 Qf3 20. Bxg5 f6 21. Be3 Kf7 22. g5 f5 23. Qe5 Rf8 24. Bc5 Rg8 25. Qf6+ 1-0

[Event "Regionalliga SO 0708"]
[Site "Bayern"]
[Date "2007.11.04"]
[Round "2.8"]
[White "Loderbauer, Gerhard"]
[Black "Schroeder, Frank"]
[Result "0-1"]
[WhiteElo "1831"]
[BlackElo "1943"]
[PlyCount "85"]
[EventDate "2007.10.21"]
[EventType "team-tourn"]
[EventRounds "9"]
[EventCountry "GER"]
[SourceTitle "EXT 2009"]
[Source "ChessBase"]
[SourceDate "2008.11.26"]
[SourceVersion "1"]
[SourceVersionDate "2008.11.26"]
[SourceQuality "1"]
[WhiteTeam "Passau II"]
[BlackTeam "Ingolstadt"]
[WhiteTeamCountry "GER"]
[BlackTeamCountry "GER"]

1. d4 Nf6 2. c4 c5 3. d5 b5 4. cxb5 a6 5. bxa6 Bxa6 6. g3 g6 7. Bg2 d6 8. Bd2 Bg7 9. Nh3 0-0 10. 0-0 Bc4 11. Nc3 Nbd7 12. Re1 Qb6 13. Qc2 Qb7 14. Nf4 Rfb8 15. b3 Ba6 16. Rad1 Ra7 17. h4 Qa8 18. e4 Ne5 19. Bc1 c4 20. Be3 cxb3 21. axb3 Rab7 22. Rb1 Nfg4 23. Bd4 Nd3 24. Nxd3 Bxd4 25. Nd1 Qa7 26. Bf1 Rc7 27. Qa2 Qb6 28. b4 Bc4 29. Qd2 Ra8 30. Qg5 Bxd3 31. Bxd3 Nxf2 32. Nxf2 Bxf2+ 33. Kg2 Ra2 34. Re2 Rxe2 35. Bxe2 Rc2 36. Qg4 Qe3 37. Kf1 Bxg3 38. Qf3 Qxf3+ 39. Bxf3 Rf2+ 40. Kg1 Rxf3 41. Kg2 Ra3 42. b5 Bxh4 43. b6 0-1